<?xml version="1.0" encoding="UTF-8"?><?xml-stylesheet type="text/xsl" href="static/style.xsl"?><OAI-PMH xmlns="http://www.openarchives.org/OAI/2.0/" xmlns:xsi="http://www.w3.org/2001/XMLSchema-instance" xsi:schemaLocation="http://www.openarchives.org/OAI/2.0/ http://www.openarchives.org/OAI/2.0/OAI-PMH.xsd"><responseDate>2026-04-17T05:48:04Z</responseDate><request verb="GetRecord" identifier="oai:www.recercat.cat:10459.1/59837" metadataPrefix="marc">https://recercat.cat/oai/request</request><GetRecord><record><header><identifier>oai:recercat.cat:10459.1/59837</identifier><datestamp>2024-12-05T22:42:11Z</datestamp><setSpec>com_2072_3622</setSpec><setSpec>col_2072_479130</setSpec></header><metadata><record xmlns="http://www.loc.gov/MARC21/slim" xmlns:dcterms="http://purl.org/dc/terms/" xmlns:xsi="http://www.w3.org/2001/XMLSchema-instance" xmlns:doc="http://www.lyncode.com/xoai" xsi:schemaLocation="http://www.loc.gov/MARC21/slim http://www.loc.gov/standards/marcxml/schema/MARC21slim.xsd">
   <leader>00925njm 22002777a 4500</leader>
   <datafield ind2=" " ind1=" " tag="042">
      <subfield code="a">dc</subfield>
   </datafield>
   <datafield ind2=" " ind1=" " tag="720">
      <subfield code="a">Miquel Baldellou, Marta</subfield>
      <subfield code="e">author</subfield>
   </datafield>
   <datafield ind2=" " ind1=" " tag="260">
      <subfield code="c">2017-06-08T16:08:22Z</subfield>
   </datafield>
   <datafield ind2=" " ind1=" " tag="260">
      <subfield code="c">2017-06-08T16:08:22Z</subfield>
   </datafield>
   <datafield ind2=" " ind1=" " tag="260">
      <subfield code="c">2011</subfield>
   </datafield>
   <datafield ind2=" " ind1=" " tag="520">
      <subfield code="a">As a literary critic, Edgar Allan Poe reviewed the writings of the Victorian&#xd;
man of letters Edward Bulwer-Lytton on at least four occasions in the span of six years,&#xd;
from 1835 to 1841. Even if both authors came from signi  cantly different backgrounds,&#xd;
as Poe was of humble origins and Bulwer-Lytton was an English aristocrat, the reversal&#xd;
of fortune, together with their respective personal and parental circumstances, turned&#xd;
them into transatlantic literary doubles, since their   ction often presents considerable&#xd;
intertextual links. Bulwer-Lytton’s novella Falkland (1827) and Poe’s classical tale&#xd;
“The Assignation” (1832) are rooted in a Byronic myth, depicting a love triangle which&#xd;
particularly echoes both authors’ respective parental circumstances. This article aims at&#xd;
providing a comparative analysis of these works, interpreting them from a biographical&#xd;
perspective in order to shed light on both authors’ early   ction as well as understanding&#xd;
the role that their respective family background played on their literary creativity and&#xd;
ageing at such an early stage of their career.</subfield>
   </datafield>
   <datafield ind2=" " ind1=" " tag="520">
      <subfield code="a">Como crítico literario, Edgar Allan Poe reseñó las obras del escritor victoriano&#xd;
Edward Bulwer-Lytton en al menos en cuatro ocasiones a lo largo de seis años, desde&#xd;
1835 a 1841. Pese a que ambos autores procedían de círculos muy diferentes, puesto que&#xd;
Poe nació en el seno de una familia humilde y Bulwer-Lytton era un eminente aristócrata&#xd;
inglés, un golpe del destino, así como sus circunstancias personales y familiares, los&#xd;
convirtieron en dobles literarios transatlánticos, puesto que sus obras a menudo presentan&#xd;
considerables giros intertextuales. La novela corta de Bulwer-Lytton, Falkland (1827),&#xd;
y el relato de corte clásico de Poe, “The Assignation” (1832), se enclavan en un mito&#xd;
byroniano, retratando un triángulo amoroso que presenta múltiples ecos con respecto al&#xd;
parentesco de ambos autores. Este artículo pretende ofrecer un análisis comparativo de&#xd;
ambas obras, interpretándolas desde una perspectiva biográ  ca con el objetivo de ahondar&#xd;
en las primeras creaciones de ambos autores así como de vislumbrar el importante papel&#xd;
que sus orígenes familiares jugaron en su creatividad literaria y envejecimiento en una&#xd;
etapa tan temprana de su obra.</subfield>
   </datafield>
   <datafield ind1="8" ind2=" " tag="024">
      <subfield code="a">http://hdl.handle.net/10459.1/59837</subfield>
   </datafield>
   <datafield tag="653" ind2=" " ind1=" ">
      <subfield code="a">Creativity</subfield>
   </datafield>
   <datafield tag="653" ind2=" " ind1=" ">
      <subfield code="a">Biography</subfield>
   </datafield>
   <datafield tag="653" ind2=" " ind1=" ">
      <subfield code="a">Early works</subfield>
   </datafield>
   <datafield tag="653" ind2=" " ind1=" ">
      <subfield code="a">Transatlantic doubles</subfield>
   </datafield>
   <datafield tag="653" ind2=" " ind1=" ">
      <subfield code="a">Illicit relationships</subfield>
   </datafield>
   <datafield tag="653" ind2=" " ind1=" ">
      <subfield code="a">Family background</subfield>
   </datafield>
   <datafield tag="653" ind2=" " ind1=" ">
      <subfield code="a">Heritage</subfield>
   </datafield>
   <datafield tag="653" ind2=" " ind1=" ">
      <subfield code="a">Ageing</subfield>
   </datafield>
   <datafield tag="653" ind2=" " ind1=" ">
      <subfield code="a">Creatividad</subfield>
   </datafield>
   <datafield tag="653" ind2=" " ind1=" ">
      <subfield code="a">Biografía</subfield>
   </datafield>
   <datafield tag="653" ind2=" " ind1=" ">
      <subfield code="a">Primeras obras</subfield>
   </datafield>
   <datafield tag="653" ind2=" " ind1=" ">
      <subfield code="a">Dobles transatlánticos</subfield>
   </datafield>
   <datafield tag="653" ind2=" " ind1=" ">
      <subfield code="a">Relaciones ilícitas</subfield>
   </datafield>
   <datafield tag="653" ind2=" " ind1=" ">
      <subfield code="a">Parentesco</subfield>
   </datafield>
   <datafield tag="653" ind2=" " ind1=" ">
      <subfield code="a">Legado</subfield>
   </datafield>
   <datafield tag="653" ind2=" " ind1=" ">
      <subfield code="a">Envejecimiento</subfield>
   </datafield>
   <datafield tag="653" ind2=" " ind1=" ">
      <subfield code="a">Literatura americana -- S. XIX</subfield>
   </datafield>
   <datafield tag="653" ind2=" " ind1=" ">
      <subfield code="a">Poe, Edgar Allan, 1809-1849 -- Crítica i interpretació</subfield>
   </datafield>
   <datafield tag="653" ind2=" " ind1=" ">
      <subfield code="a">Literatura comparada</subfield>
   </datafield>
   <datafield ind2="0" ind1="0" tag="245">
      <subfield code="a">Transatlantic Doubles: Intertextual Ageing in the Early Fiction of Edgar Allan Poe and Edward Bulwer-Lytton</subfield>
   </datafield>
   <datafield ind2="0" ind1="0" tag="245">
      <subfield code="a">Dobles transatlánticos: envejecimiento intertextual en la obra temprana de Edgar Allan Poe y Edward Bulwer-Lytton</subfield>
   </datafield>
</record></metadata></record></GetRecord></OAI-PMH>